| 000 | 00818cam a2200217 4500 | ||
|---|---|---|---|
| 001 | WB3721-07 | ||
| 008 | 000000n2001 000 0 eng u | ||
| 035 | _a(Sirsi) u112884 | ||
| 245 | _aUK new housebuilding: April 2001 | ||
| 260 | _c2001 | ||
| 490 |
_aNHBC News Release _v 23 May 2001, (4) |
||
| 520 | _aFigures from the NHBC show UK applications to build new homes decreased by 1% in April 2001 compared with April 2000. This is in contrast to the previous two months in 2001 which saw registrations fall sharply. Details of homes registered by county. For further information contact Kirsten Bunch on 01494 735315. | ||
| 590 | _aWB | ||
| 650 | _aNHBC | ||
| 650 | _aNEW HOUSES | ||
| 650 | _aHOUSE BUILDING | ||
| 650 | _aHOUSING ASSOCIATIONS | ||
| 650 | _aSTATISTICS | ||
| 690 | _aHOUSING | ||
| 942 | _n0 | ||
| 999 |
_c67201 _d67201 |
||